| 000 | 00408nam a2200157Ia 4500 | ||
|---|---|---|---|
| 008 | 230312s9999||||xx |||||||||||||| ||und|| | ||
| 020 | _a068803537X | ||
| 082 |
_a658.430973 _bROT |
||
| 100 | _aDiane Rothbard Margolis | ||
| 245 | 0 | _aManagers Corporate Life In America | |
| 260 |
_bWilliam Morrow and company inc. _aNew York _c1979 |
||
| 300 | _a313 | ||
| 546 | _aEng. | ||
| 650 | _aManagement | ||
| 942 | _cBK | ||
| 999 |
_c332 _d332 |
||